Inter Milan All-Time Starting XI - Statistics

General Stats
  • This quiz has been taken 179 times
  • The average score is 5 of 13
Answer Stats
Position Player % Correct
DF (1995-2014) Javier Zanetti
89%
FW (1927-40/46-47) Giuseppe Meazza
60%
12th player (1997-2002) Ronaldo
59%
MF (2004-14) Esteban Cambiasso
58%
DF (1960-78) Giacinto Facchetti
40%
GK (1978-94) Walter Zenga
36%
DF (1979-99) Giuseppe Bergomi
35%
FW (1960-77) Sandro Mazzola
32%
MF (1961-70) Luis Suárez
31%
Coach (1960-68/73-74) Helenio Herrera
26%
FW (1977-88) Alessandro Altobelli
19%
MF (1957-73) Mario Corso
13%
DF (1960-67) Armando Picchi
10%
No matching quizzes found
Score Distribution
Percent of People with Each Score
Percentile by Number Answered
Your Score History
You have not taken this quiz